Personnages de l’Attaque des Titans (SNK) par images - Statistiques

Statistiques générales
  • Ce quiz a été pris 5 905 fois
  • Le résultat moyen est 16 sur 20
Statistiques - réponses
Par images Réponse % Correct
Annie Leonhart
96%
Eren Jäger
94%
Mikasa Ackerman
94%
Levi Ackerman
93%
Armin Arlert
92%
Sasha Braus
90%
Jean Kirschstein
88%
Conny Springer
85%
Erwin Smith
85%
Historia Reiss
84%
Kenny Ackerman
84%
Reiner Braun
84%
Ymir
83%
Sieg Jäger
82%
Hansi Zoe
78%
Gaby Braun
76%
Falco Gleis
70%
Dot Pixis
68%
Eren Kruger
58%
Nicolo
41%
Aucun quiz correspondant
Distribution des résultats
% des personnes avec chaque résultat
Percentile par nombre de réponses
Votre historique - résultats
Vous n’avez pas pris ce quiz